000 00504nam a22001697u 4500
008 130405s2001 xxu||||| |||| 00| 0 spa d
017 _aM.40.928-2001
020 _a8484402568
041 _aspa
100 1 _aPrieto Ramiro, Rafael
_929668
245 0 0 _aCáritas Adviento y Navidad 2001
_b:¡Pero si todos somos uno!
_cRafael Prieto Ramiro
260 _aMadrid:
_bCáritas Española,
_c2001
300 _a238 p.
_c;21 cm.
650 0 4 _aLiturgia
_xNavidad y adviento
_918909
942 _cBK
001 97126
999 _c255949
_d255949